| 000 | 00770cam a2200217Ii 4500 | ||
|---|---|---|---|
| 999 |
_c5742 _d5742 |
||
| 001 | 6370072 | ||
| 003 | OCoLC | ||
| 005 | 20190109180106.0 | ||
| 008 | 800529r19061923nyu 000 0 eng d | ||
| 040 |
_aMOG _cMOG _dVFY _dOCL _dATH |
||
| 050 |
_aBS591 _b.G7 1923 |
||
| 050 |
_aBS591 _b.G7 1923 |
||
| 082 |
_aREF 220 _bG778s |
||
| 100 | 1 |
_aGray, James M. _q(James Martin), _d1851-1935. |
|
| 245 | 1 | 0 |
_aSynthetic Bible studies : _bcontaining an outline study of every book of the Bible, with suggestions for sermons, addresses, and Bible expositions / _cby James M. Gray. |
| 250 | _aNew ed., rev. and enlarged. | ||
| 260 |
_aNew York ; _aChicago : _bFleming H. Revell, _c1906-1923. |
||
| 300 |
_a340 p. ; _c21 cm. |
||
| 630 | 0 | 0 |
_aBible _vOutlines, syllabi, etc. |
| 942 |
_2ddc _cREF |
||